Statistics for NFL Quaterbacks 2016-2017

Click here to take the quiz!

General Stats

  • This quiz has been taken 208 times
  • The average score is 11 of 32

Answer Stats

HintAnswer% Correct
PatriotsTom Brady
78%
PackersAaron Rodgers
62%
EaglesCarson Wentz
62%
GiantsEli Manning
58%
SaintsDrew Brees
54%
RavensJoe Flacco
52%
FalconsMatt Ryan
52%
CowboysTony Romo
52%
PanthersCam Newton
51%
ChiefsAlex Smith
50%
DolphinsRyan Tannehill
50%
LionsMatthew Stafford
45%
ColtsAndrew Luck
44%
RedskinsKirk Cousins
43%
ChargersPhillip Rivers
43%
BengalsAndy Dalton
41%
RaidersDerek Carr
38%
BearsJay Cutler
34%
VikingsSam Bradford
34%
JaguarsBlake Bortles
31%
JetsRyan Fitzpatrick
31%
CardinalsCarson Palmer
30%
BrownsRobert Griffin III
30%
BillsTyrod Taylor
30%
bucaneersJamies Winston
14%
SteelersBen Rothlesberger
8%
TexansTom Savage
8%
TitansMarcus Mariotta
5%
SeahawksRussle Wilson
4%
BroncosTrevor Simien
4%
49ersColin Capernick
2%
RamsGerod Goff
1%

Score Distribution

Percentile by Number Answered

Percent of People with Each Score

Your Score History

You have not taken this quiz